<?xml version="1.0" encoding="UTF-8"?>
<record
    xmlns:xsi="http://www.w3.org/2001/XMLSchema-instance"
    xsi:schemaLocation="http://www.loc.gov/MARC21/slim http://www.loc.gov/standards/marcxml/schema/MARC21slim.xsd"
    xmlns="http://www.loc.gov/MARC21/slim">

  <leader>00293    a2200109   4500</leader>
  <controlfield tag="005">20250630115403.0</controlfield>
  <datafield tag="020" ind1=" " ind2=" ">
    <subfield code="a">978-0-323=04702-9</subfield>
  </datafield>
  <datafield tag="082" ind1=" " ind2=" ">
    <subfield code="a">615.03 SKI</subfield>
  </datafield>
  <datafield tag="245" ind1=" " ind2=" ">
    <subfield code="a">2009 Mosby's Nursing Drug Reference,</subfield>
  </datafield>
  <datafield tag="300" ind1=" " ind2=" ">
    <subfield code="a">xii, 1290p,: ill.; figure picture, table</subfield>
    <subfield code="b">Index</subfield>
    <subfield code="c">19.4cm</subfield>
  </datafield>
  <datafield tag="942" ind1=" " ind2=" ">
    <subfield code="2">ddc</subfield>
    <subfield code="c">BKS</subfield>
  </datafield>
  <datafield tag="999" ind1=" " ind2=" ">
    <subfield code="c">6475</subfield>
    <subfield code="d">6475</subfield>
  </datafield>
  <datafield tag="952" ind1=" " ind2=" ">
    <subfield code="r">2025-06-30 11:56:06</subfield>
    <subfield code="l">0</subfield>
    <subfield code="o">615.03 SKI</subfield>
    <subfield code="p">DOM0004564</subfield>
    <subfield code="v">90000.00</subfield>
    <subfield code="w">2025-06-30</subfield>
    <subfield code="y">BKS</subfield>
    <subfield code="1">0</subfield>
    <subfield code="2">ddc</subfield>
    <subfield code="4">0</subfield>
    <subfield code="7">0</subfield>
    <subfield code="0">0</subfield>
    <subfield code="a">004</subfield>
    <subfield code="b">004</subfield>
    <subfield code="d">2010-06-30</subfield>
    <subfield code="g">30000.00</subfield>
  </datafield>
  <datafield tag="952" ind1=" " ind2=" ">
    <subfield code="r">2025-06-30 11:56:06</subfield>
    <subfield code="l">0</subfield>
    <subfield code="o">615.03 SKI</subfield>
    <subfield code="p">DOM0004565</subfield>
    <subfield code="v">90000.00</subfield>
    <subfield code="w">2025-06-30</subfield>
    <subfield code="y">BKS</subfield>
    <subfield code="1">0</subfield>
    <subfield code="2">ddc</subfield>
    <subfield code="4">0</subfield>
    <subfield code="7">0</subfield>
    <subfield code="0">0</subfield>
    <subfield code="a">004</subfield>
    <subfield code="b">004</subfield>
    <subfield code="d">2010-06-30</subfield>
    <subfield code="g">30000.00</subfield>
  </datafield>
</record>
